000 01166nam a2200277Ia 4500
003 OSt
005 20221005110137.0
006 a|||||r|||| 00| 0
007 ta
008 221004b |||||||| |||| 00| 0 nep d
020 _a8172013183 (pbk)
_c75
024 _a93136
037 _b532, 19/03/2009, Vani Prakashan
_cTextual
040 _aCRL
_cCRL
_bNEP
041 _2NEP
_aNEP
082 _aO1592,1M95w, 152N2
100 _aपथिक, मगन
245 0 _aमित्रसेन, सुरेन्द्र प्रसाद साह अनु0
246 _aMitrasena, surendra prasād sāh anu
260 _aनई दिल्ली
_bसाहित्य अकादेमी भारत
_c1992
300 _a115पृ0
_ccm.
490 _aभारतीय साहित्य के निर्माता
700 _a साह, सुरेन्द्र प्रसाद, अनु.
_9624069
942 _hO1592,1M95w, 152N2
_cTEXL
_2cc
999 _c1017937
_d1017937